Statistiques concernant Meilleurs Buteurs de Serie A par Saison depuis 1999/2000

Cliquez ici pour prendre le quiz!

Statistiques générales

  • Ce quiz a été pris 119 fois
  • Le résultat moyen est 16 sur 24

Statistiques - réponses

AnnéeClubMeilleur ButeurNombre de Buts% Correct
2013-2014Torino FCCiro Immobile22
96%
2021-2022Lazio RomeCiro Immobile27
96%
2019-2020Lazio RomeCiro Immobile36
96%
2020-2021Juventus TurinCristiano Ronaldo29
90%
2022-2023SSC NaplesVictor Osimhen26
89%
2006-2007AS RomeFrancesco Totti26
85%
2015-2016SSC NaplesGonzalo Higuain36
77%
2007-2008Juventus TurinAlessandro Del Piero21
75%
2016-2017AS RomeEdin Dzeko29
74%
2011-2012AC MilanZlatan Ibrahimovic28
73%
2008-2009Inter MilanZlatan Ibrahimovic25
73%
2012-2013SSC NaplesEdinson Cavani29
64%
2009-2010Udinese CalcioAntonio Di Natale29
63%
2010-2011Udinese CalcioAntonio Di Natale28
63%
2003-2004AC MilanAndriy Shevchenko24
61%
1999-2000AC MilanAndriy Shevchenko24
61%
2018-2019UC SampdoriaFabio Quagliarella26
58%
2001-2002Juventus TurinDavid Trezeguet24
56%
2014-2015Inter MilanMauro Icardi22
56%
2017-2018Inter MilanMauro Icardi29
56%
2000-2001Lazio RomeHernan Crespo26
45%
2005-2006ACF FiorentinaLuca Toni31
29%
2002-2003Inter MilanChristian Vieri24
24%
2004-2005AS Livourne CalcioCristiano Lucarelli24
10%

Distribution des résultats

Percentile par nombre de réponses

% des personnes avec chaque résultat

Votre développement - résultats

Vous n’avez pas pris ce quiz